Stacje i przystanki SKM S30 - Statystyki

Ogólne statystyki
  • Ten quiz został rozwiązany 35 razy
  • Średni wynik to 17 z 23
Statystyki odpowiedzi
Liczba peronów Gmina/dzielnica Stacja/przystanek % Poprawnych
1 Radzymin Radzymin
91%
2 Legionowo Legionowo
88%
2 Ochota Ochota
88%
3 Śródmieście Śródmieście
88%
7 Praga Płn. Wschodnia
88%
8 Wola Zachodnia
88%
1 Nieporęt Nieporęt
84%
1 Wieliszew Wieliszew
84%
1 Włochy Lotnisko Chopina
81%
1 Praga Płn. Praga
81%
2 Ochota Aleje Jerozolimskie
75%
2 Białołęka Choszczówka
75%
1 Legionowo Legionowo Piaski
75%
2 Śródmieście Powiśle
75%
1 Włochy Służewiec
75%
1 Białołęka Toruńska
75%
2 Białołęka Płudy
72%
2 Praga Płn. Stadion
72%
1 Białołęka Żerań
72%
2 Ochota Żwirki i Wigury
72%
2 Ochota Rakowiec
66%
1 Wieliszew Michałów - Reginów
50%
1 Nieporęt Dąbkowizna
28%
Nie znaleziono quizów pasujących do podanych kryteriów
Rozkład punktacji
Procent ludzi z każdym wynikiem
Percentyl według liczby udzielonych odpowiedzi
Twoja historia wyników
Nie rozwiązałeś tego quizu